مكتبة جامعة عجلون الوطنية

فهرس بحث المكتبة

التحوط المالي ودوره في الحد من المخاطر في المصارف الاسلاميه الفلسطينيه (دراسه ميدانيه) =( Financial hedging and its role in risk reduction in palestinian islamic banks (An Empirical Study (Record no. 29716)

MARC details
000 -LEADER
fixed length control field 01298nam a2200241Ii 4500
003 - CONTROL NUMBER IDENTIFIER
control field JO-AjNU
005 - DATE AND TIME OF LATEST TRANSACTION
control field 20240624102415.0
008 - FIXED-LENGTH DATA ELEMENTS--GENERAL INFORMATION
fixed length control field 230605s9999||||xx |||||||||||||| ||und||
040 ## - CATALOGING SOURCE
Original cataloging agency JO-AjNU
Language of cataloging ara
Description conventions rda
Transcribing agency JO-AjNU
041 ## - LANGUAGE CODE
Language code of text/sound track or separate title ara
050 14 - LIBRARY OF CONGRESS CALL NUMBER
Classification number BP173.75 2017
100 #1 - MAIN ENTRY--PERSONAL NAME
Personal name جرادات ، عبدالله فهمي
Relator term معد
9 (RLIN) 65513
245 00 - TITLE STATEMENT
Title التحوط المالي ودوره في الحد من المخاطر في المصارف الاسلاميه الفلسطينيه (دراسه ميدانيه) =( Financial hedging and its role in risk reduction in palestinian islamic banks (An Empirical Study
Statement of responsibility, etc. اعداد عبدالله فهمي جرادات ؛ إشراف اسامة العاني
260 ## - PUBLICATION, DISTRIBUTION, ETC.
Date of publication, distribution, etc. 2017
300 ## - PHYSICAL DESCRIPTION
Extent 165ورقة
336 ## - CONTENT TYPE
Content type term text
Content type code txt
Source rdacontent
337 ## - MEDIA TYPE
Media type term unmediated
Media type code n
Source rdamedia
338 ## - CARRIER TYPE
Carrier type term volume
Carrier type code nc
Source rdacarrier
500 ## - GENERAL NOTE
General note رساله جامعيه (ماجستير في المصارف الاسلاميه) - جامعة عجلون الوطنيه (عجلون ، الاردن) ، كلية ادارة الاعمال ، قسم المصارف الاسلاميه ، 2017
650 74 - SUBJECT ADDED ENTRY--TOPICAL TERM
Topical term or geographic name entry element المصارف الاسلاميه الفلسطينية- التحوط المالي
9 (RLIN) 58250
700 ## - ADDED ENTRY--PERSONAL NAME
Personal name العاني، أسامة
9 (RLIN) 50895
Relator term مشرف
942 ## - ADDED ENTRY ELEMENTS (KOHA)
Source of classification or shelving scheme Library of Congress Classification
Koha item type Thesis
Holdings
Withdrawn status Lost status Source of classification or shelving scheme Damaged status Not for loan Home library Current library Shelving location Date acquired Total Checkouts Full call number Barcode Date last seen Price effective from Koha item type
    Library of Congress Classification     مكتبة جامعة عجلون الوطنية مكتبة جامعة عجلون الوطنية المراجع 24/06/2024   BP173.75 2017 A26148 06/06/2023 24/06/2024 Thesis
    Library of Congress Classification     مكتبة جامعة عجلون الوطنية مكتبة جامعة عجلون الوطنية المراجع 24/06/2024   BP173.75 2017 a26149 24/06/2024 24/06/2024 Thesis